01152nac a22002537a 4500001001000000003000900010005001700019008003400036040005400070072000800124090001900132100001800151110010200169245008400271260003400355300000900389490012500398500008200523650001700605909004700622942001700669999001900686952019300705BR8703246BR-BrBNA20240105120510.0230509b bl.|||m| |||| 00| 0 por d aBR-BrBNAbporcBiblioteca Nacional de Agricultura aL01 a5300 BR87032461 aCosta, P.M.A.1 aUniversidade Rural do Estado de Minas Gerais, Vicosa (Brasil). Diretoria Geral de Extensao9112831 aComo melhorar um rebanho suino (melhores reprodutores, mais carne, maior lucro)3 aVicosa, MG (Brasil): c1966.  a7 p. aSerie Divulgacao. Boletim - Universidade Rural do Estado de Minas Gerais. Diretoria Geral de Extensao (Brazil)vno. 15x a(*) Documento disponível na(o) UFV, Vicosa, MG (Brazil). Biblioteca Central aSUINOCULTURA a202312bLúcia Elandec55dLúcia Elande 2AGRISn0cMS c279777d279777 002AGRIS40728Acervo Gerala41918b41918cAGROBASEl0r2023-12-18yMSz(*) Documento disponível na(o) UFV, Vicosa, MG (Brazil). Biblioteca CentralePortaria Interministerial nº 164/94